The lady of the lake

Guardado en:
书目详细资料
主要作者: Scott, Walter
格式: 图书
语言:Undetermined
出版: New York, Estados Unidos The MacMillan 1918
主题:
标签: 添加标签
没有标签, 成为第一个标记此记录!

MARC

LEADER 00000nam a2200000Ia 4500
008 170316s9999 xx 000 0 und d
040 |a cru BVZT 
090 |a 810 S-13L 
100 |a Scott, Walter 
245 4 |a The lady of the lake 
260 |a New York, Estados Unidos 
260 |b The MacMillan 
260 |c 1918 
300 |a 208 páginas 
650 |a LITERATURA ESTADOUNIDENSE 
999 |c 6098  |d 6098 
942 |c 15 D  |h 810 S-13L  |2 z